Получение рекомбинантного векторного рН-зависимого пептида для диагностики; Функциональные материалы: разработка, исследование, применение

Detaylı Bibliyografya
Parent link:Функциональные материалы: разработка, исследование, применение.— 2015.— [С. 86]
Yazar: Ащеулова Д. О. Дарья Олеговна
Müşterek Yazar: Национальный исследовательский Томский политехнический университет (ТПУ) Институт физики высоких технологий (ИФВТ) Кафедра биотехнологии и органической химии (БИОХ)
Diğer Yazarlar: Першина А. Г. Александра Геннадьевна (научный руководитель)
Özet:Заглавие с титульного экрана
Dil:Rusça
Baskı/Yayın Bilgisi: 2015
Seri Bilgileri:Материалы для медицины и экологии
Konular:
Online Erişim:http://earchive.tpu.ru/handle/11683/23989
http://www.lib.tpu.ru/fulltext/c/2015/C96/084.pdf
Materyal Türü: MixedMaterials Elektronik Kitap Bölümü
KOHA link:https://koha.lib.tpu.ru/cgi-bin/koha/opac-detail.pl?biblionumber=614525

MARC

LEADER 00000naa2a2200000 4500
001 614525
005 20240120160414.0
035 |a (RuTPU)RU\TPU\conf\12695 
035 |a RU\TPU\conf\12639 
090 |a 614525 
100 |a 20150930d2015 k y0rusy50 ca 
101 0 |a rus 
102 |a RU 
105 |a y z 101zy 
135 |a drgn ---uucaa 
181 0 |a i  
182 0 |a b 
200 1 |a Получение рекомбинантного векторного рН-зависимого пептида для диагностики  |f Д. О. Ащеулова  |g науч. рук. А. Г. Першина 
203 |a Текст  |c электронный 
225 1 |a Материалы для медицины и экологии 
300 |a Заглавие с титульного экрана 
337 |a Adobe Reader 
463 0 |0 (RuTPU)RU\TPU\conf\12499  |t Функциональные материалы: разработка, исследование, применение  |o сборник тезисов докладов III Всероссийского конкурса научных докладов студентов, г.Томск, г.Тамбов, 26-27 мая 2015 г.  |f Национальный исследовательский Томский политехнический университет (ТПУ) ; Национальный исследовательский Томский государственный университет (ТГУ) ; Тамбовский государственный университет имени Г. Р. Державина ; ред. кол. И. А. Курзина [и др.]  |v [С. 86]  |d 2015 
610 1 |a труды учёных ТПУ 
610 1 |a электронный ресурс 
610 1 |a пептиды 
610 1 |a диагностика 
610 1 |a биомедицина 
610 1 |a диагностические препараты 
700 1 |a Ащеулова  |b Д. О.  |c химик  |c лаборант Томского политехнического университета  |g Дарья Олеговна  |3 (RuTPU)RU\TPU\pers\35297 
702 1 |a Першина  |b А. Г.  |c биолог  |c доцент Томского политехнического университета, кандидат биологических наук  |f 1981-  |g Александра Геннадьевна  |4 727 
712 0 2 |a Национальный исследовательский Томский политехнический университет (ТПУ)  |b Институт физики высоких технологий (ИФВТ)  |b Кафедра биотехнологии и органической химии (БИОХ)  |3 (RuTPU)RU\TPU\col\18693 
801 2 |a RU  |b 63413507  |c 20210220  |g RCR 
856 4 |u http://earchive.tpu.ru/handle/11683/23989 
856 4 |u http://www.lib.tpu.ru/fulltext/c/2015/C96/084.pdf 
942 |c BK